Droste ... (Record no. 91454)

MARC details
000 -LEADER
fixed length control field 00422cam a2200169u 4500
001 - CONTROL NUMBER
control field unk83048448
003 - CONTROL NUMBER IDENTIFIER
control field DLC
005 - DATE AND TIME OF LATEST TRANSACTION
control field 20260227112800.0
008 - FIXED-LENGTH DATA ELEMENTS--GENERAL INFORMATION
fixed length control field 830823s1935 gw 000 0 eng
010 ## - LIBRARY OF CONGRESS CONTROL NUMBER
LC control number unk83048448
040 ## - CATALOGING SOURCE
Original cataloging agency DLC
Transcribing agency CarP
Modifying agency DLC
050 00 - LIBRARY OF CONGRESS CALL NUMBER
Classification number PT1848
Item number .A17 1935
100 1# - MAIN ENTRY--PERSONAL NAME
Personal name Droste-Hülshoff, Annette von,
Dates associated with a name 1797-1848
245 10 - TITLE STATEMENT
Title Droste ...
260 ## - PUBLICATION, DISTRIBUTION, ETC.
Place of publication, distribution, etc. [Berlin, etc.,
Date of publication, distribution, etc. 1935]
300 ## - PHYSICAL DESCRIPTION
Extent 1 pam. cm.

No items available.

Powered by Koha